(Khmer) the purpose driven life: (Record no. 49817)
| 000 -LEADER | |
|---|---|
| fixed length control field | 00302nam a2200109 4500 |
| 020 ## - INTERNATIONAL STANDARD BOOK NUMBER | |
| International Standard Book Number | 9789996340000 |
| 245 ## - TITLE STATEMENT | |
| Title | (Khmer) the purpose driven life: |
| Statement of responsibility, etc | Rick Warren. |
| 260 ## - PUBLICATION, DISTRIBUTION, ETC. (IMPRINT) | |
| Place of publication, distribution, etc | Cambodia: |
| Date of publication, distribution, etc | 2023. |
| 300 ## - PHYSICAL DESCRIPTION | |
| Extent | 408 p. |
| 650 ## - SUBJECT ADDED ENTRY--TOPICAL TERM | |
| Topical term or geographic name as entry element | Life with purpose. Christian. Devotional. |
| 9 (RLIN) | 86955 |
| 942 ## - ADDED ENTRY ELEMENTS (KOHA) | |
| Source of classification or shelving scheme | |
| Koha item type | Khmer NON FIC Books |
| Withdrawn status | Lost status | Source of classification or shelving scheme | Damaged status | Not for loan | Collection code | Home library | Current library | Shelving location | Date acquired | Total Checkouts | Full call number | Barcode | Checked out | Date last seen | Date checked out | Price effective from | Koha item type |
|---|---|---|---|---|---|---|---|---|---|---|---|---|---|---|---|---|---|
| Non-Fiction | Asian Hope Secondary Library | Asian Hope Secondary Library | SECONDARY | 11/24/2025 | 1 | KHMER 248.4 WAR | 208828 | 07/02/2026 | 04/03/2026 | 04/03/2026 | 11/24/2025 | Khmer NON FIC Books | |||||
| Non-Fiction | Asian Hope Secondary Library | Asian Hope Secondary Library | SECONDARY | 11/24/2025 | KHMER 248.4 WAR | 208831 | 01/16/2026 | 11/24/2025 | Khmer NON FIC Books |